Statistics for Largest Cities in the World Beginning With 'Da'

Click here to take the quiz!

General Stats

  • This quiz has been taken 58 times
  • The average score is 10 of 24

Answer Stats

#PopulationCountryAnswer% Correct
17,550,000United StatesDallas
96%
53,800,000SyriaDamascus
96%
26,000,000TanzaniaDar es Salaam
96%
44,200,000SenegalDakar
95%
121,430,000VietnamDa Nang
75%
62,750,000South KoreaDaegu
69%
62,750,000Saudi ArabiaDammam
69%
17549,189ChinaDàlĭ
65%
35,150,000ChinaDalian
64%
101,650,000PhilippinesDavao
58%
14812,595United StatesDayton - Kettering
45%
111,530,000South KoreaDaejeon
42%
81,900,000ChinaDatong
24%
91,830,000ChinaDaqing
22%
22402,126United StatesDaytona Beach - Palm Coast
20%
131,260,000ChinaDazhou
16%
16748,983ChinaDandong
9%
23318,207EgyptDamanhour
7%
20452,158ChinaDānzhōu
5%
18529,170ChinaDàyĕ
4%
19459,754PhilippinesDagupan
2%
15792,594ChinaDānyáng
2%
24309,066ChinaDàshíqiáo
2%
21434,971IndiaDavanagere
0%

Score Distribution

Percentile by Number Answered

Percent of People with Each Score

Your Score History

You have not taken this quiz